00549nam a2200169Ia 4500008004100000020001800041041000800059082001600067100001600083245004000099250000600139260003400145300001200179650002500191999001900216952014400235210716s2011 xx 000 0 und d a9788180941108 aeng a001.42 GANR aGanesan, R. aResearch methodology for engineers. a1 aChennaibMJP Publishersc2011 axxi,401 aResearch Methodology c192370d192370 00102ddc40708MCAaAIMITbAIMITcRMeTamilnadu Book Houseg480.00l0o001.42 GANRpMCA11878r2025-07-21 00:00:00v360.00w2021-07-16yBK